Travis Scott Complete the Song Title - Statistics

General Stats
  • This quiz has been taken 126 times
  • The average score is 23 of 26
Answer Stats
Hint Answer % Correct
Rodeo (2015) {Night}crawler
99%
ASTROWORLD (2018) Sicko {Mode}
99%
Rodeo (2015) {Apple} Pie
98%
UTOPIA (2023) {Circus} Maximus
97%
Rodeo (2015) Maria I'm {Drunk}
97%
ASTROWORLD (2018) 5% {Tint}
96%
ASTROWORLD (2018) Astro{thunder}
96%
Days Before Rodeo (2014) Drugs you should {Try} {It}
96%
single {Highest} in the room
96%
Birds in the trap singMcKnight (2016) Pick up the {Phone}
96%
UTOPIA (2023) Til {Further} Notice
95%
Rodeo (2015) Pray 4 {Love}
94%
ASTROWORLD (2018) {Coffee} Bean
93%
UTOPIA (2023) Modern {Jam}
93%
JACKBOYS (2019) {Out} West
92%
ASTROWORLD (2018) R.I.P. {Screw}
91%
UTOPIA (2023) God's {Country}
88%
JACKBOYS 2 (2025) Where Was {You}
86%
Birds in the trap singMcKnight (2016) {Beibs} in the trap
85%
JACKBOYS 2 (2025) {No} Comments
85%
JACKBOYS 2 (2025) Champain & {Vacay}
82%
Owl Pharaoh (2013) Upper {echelon}
82%
Days Before Rodeo (2014) Basement {Freestyle}
80%
Birds in the trap singMcKnight (2016) Through the {Late} {Night}
75%
JACKBOYS 2 (2025) Florida {Flow}
72%
Birds in the trap singMcKnight (2016) First {take}
70%
No matching quizzes found
Score Distribution
Percent of People with Each Score
Percentile by Number Answered
Your Score History
You have not taken this quiz